Revoluce, nebo pouhá inovace? Blockchain mění energetiku
Ako funguje blockchain. Blockchain ako digitálna databáza. Využitie blockchainu v energetike. Transparentnosť, jednoduchosť a prehľadnosť platby. Praktické využitie start-upmi. Potrebná legislatíva pre zavedenie do praxe vo veľkom.
Na minha lista:
| Autor principal: | |
|---|---|
| Formato: | Capítulo de Livro |
| Idioma: | tcheco |
| Assuntos: | |
| Tags: |
Sem tags, seja o primeiro a adicionar uma tag!
|
MARC
| LEADER | 00000naa a2200000 4500 | ||
|---|---|---|---|
| 001 | 0241992 | ||
| 005 | 20180413095230.2 | ||
| 041 | 0 | |a cze | |
| 044 | |a CZ | ||
| 245 | 1 | 0 | |a Revoluce, nebo pouhá inovace? Blockchain mění energetiku |c Simon Dytrych |
| 520 | |a Ako funguje blockchain. Blockchain ako digitálna databáza. Využitie blockchainu v energetike. Transparentnosť, jednoduchosť a prehľadnosť platby. Praktické využitie start-upmi. Potrebná legislatíva pre zavedenie do praxe vo veľkom. | ||
| 610 | 2 | 0 | |a energetika |
| 610 | 2 | 0 | |a inovácia |
| 610 | 2 | 0 | |a báza dát |
| 610 | 2 | 0 | |a digitalizácia |
| 610 | 2 | 0 | |a start-up |
| 100 | 1 | |a Dytrych, Simon | |